[Event "EYCC 2024 - G14"]
[Site "?"]
[Date "2024.08.29"]
[Round "7.1"]
[White "Vujovic, Vera"]
[Black "Kuznecova, Marija"]
[Result "1-0"]
[BlackElo "2174"]
[WhiteElo "2175"]
[LiveChessVersion "1.4.8"]

1. e4 {[%clk 1:30:59]} c5 {[%clk 1:30:52]} 2. Nf3 {[%clk 1:31:26]} Nc6
{[%clk 1:31:13]} 3. d4 {[%clk 1:31:51]} cxd4 {[%clk 1:31:33]} 4. Nxd4
{[%clk 1:32:19]} e5 {[%clk 1:31:53]} 5. Nb5 {[%clk 1:32:37]} d6 {[%clk 1:32:14]}
6. c4 {[%clk 1:32:33]} g6 {[%clk 1:32:17]} 7. N1c3 {[%clk 1:31:13]} a6
{[%clk 1:32:38]} 8. Na3 {[%clk 1:31:39]} Bg7 {[%clk 1:32:20]} 9. Be3
{[%clk 1:29:44]} Be6 {[%clk 1:31:17]} 10. Nc2 {[%clk 1:20:34]} Nf6
{[%clk 1:27:08]} 11. Be2 {[%clk 1:18:33]} Rc8 {[%clk 1:25:39]} 12. Qd2
{[%clk 1:11:35]} Na5 {[%clk 1:17:21]} 13. b3 {[%clk 0:59:21]} O-O
{[%clk 1:11:22]} 14. Rd1 {[%clk 0:43:43]} b5 {[%clk 0:59:33]} 15. cxb5
{[%clk 0:17:33]} Qc7 {[%clk 0:46:02]} 16. Nd5 {[%clk 0:11:27]} Bxd5
{[%clk 0:42:28]} 17. exd5 {[%clk 0:11:52]} Ne4 {[%clk 0:36:56]} 18. b6
{[%clk 0:07:57]} Qxc2 {[%clk 0:31:44]} 19. Qxa5 {[%clk 0:07:19]} Nc3
{[%clk 0:29:16]} 20. Rd2 {[%clk 0:04:57]} Qb1+ {[%clk 0:26:27]} 21. Bd1
{[%clk 0:05:20]} Ne4 {[%clk 0:19:25]} 22. Re2 {[%clk 0:05:08]} Qd3
{[%clk 0:15:46]} 23. b7 {[%clk 0:02:18]} Rb8 {[%clk 0:15:15]} 24. O-O
{[%clk 0:00:31]} Rxb7 {[%clk 0:14:23]} 25. Rfe1 {[%clk 0:00:35]} f5
{[%clk 0:12:13]} 26. f3 {[%clk 0:00:35]} Nf6 {[%clk 0:10:28]} 27. Rd2
{[%clk 0:00:53]} Qb5 {[%clk 0:10:29]} 28. Qa3 {[%clk 0:00:36]} Nxd5
{[%clk 0:08:36]} 29. Be2 {[%clk 0:00:58]} Qb4 {[%clk 0:09:00]} 30. Qxb4
{[%clk 0:01:17]} Nxb4 {[%clk 0:09:24]} 31. a3 {[%clk 0:01:10]} f4
{[%clk 0:04:44]} 32. Bf2 {[%clk 0:00:50]} e4 {[%clk 0:04:55]} 33. Bc4+
{[%clk 0:00:36]} d5 {[%clk 0:04:39]} 34. Rxd5 {[%clk 0:00:47]} Nxd5
{[%clk 0:03:16]} 35. Bxd5+ {[%clk 0:01:12]} Kh8 {[%clk 0:03:13]} 36. Bxb7
{[%clk 0:01:16]} e3 {[%clk 0:03:36]} 37. Bh4 {[%clk 0:01:33]} Bc3
{[%clk 0:03:53]} 38. Rb1 {[%clk 0:01:11]} Rf7 {[%clk 0:03:28]} 39. Bxa6
{[%clk 0:01:13]} Ra7 {[%clk 0:03:31]} 40. Be2 {[%clk 0:01:37]} Rxa3
{[%clk 0:03:55]} 41. g3 {[%clk 0:00:52]} Ra2 {[%clk 0:02:49]} 42. Kf1
{[%clk 0:01:13]} fxg3 {[%clk 0:02:24]} 43. hxg3 {[%clk 0:00:41]} h6
{[%clk 0:02:28]} 44. f4 {[%clk 0:00:37]} Ra7 {[%clk 0:02:13]} 45. Kg2
{[%clk 0:00:35]} Rd7 {[%clk 0:02:14]} 46. Kf3 {[%clk 0:00:43]} Bd4
{[%clk 0:02:15]} 47. g4 {[%clk 0:00:50]} Rf7 {[%clk 0:02:23]} 48. Bg3
{[%clk 0:01:08]} g5 {[%clk 0:02:14]} 49. f5 {[%clk 0:00:42]} h5 {[%clk 0:02:20]}
50. gxh5 {[%clk 0:00:38]} 1-0

[Event "EYCC 2024 - G14"]
[Site "?"]
[Date "2024.08.29"]
[Round "7.2"]
[White "Mgeladze, Kesaria"]
[Black "Huseynova, Lala"]
[Result "1-0"]
[BlackElo "1984"]
[WhiteElo "2152"]
[LiveChessVersion "1.4.8"]

1. e4 {[%clk 1:30:58]} c5 {[%clk 1:30:49]} 2. Nf3 {[%clk 1:31:23]} d6
{[%clk 1:31:13]} 3. d4 {[%clk 1:31:49]} cxd4 {[%clk 1:31:37]} 4. Nxd4
{[%clk 1:32:16]} Nf6 {[%clk 1:32:00]} 5. Nc3 {[%clk 1:32:42]} a6 {[%clk 1:32:25]}
6. Nb3 {[%clk 1:33:06]} Nbd7 {[%clk 1:20:25]} 7. g4 {[%clk 1:33:16]} h6
{[%clk 1:18:16]} 8. a4 {[%clk 1:26:15]} b6 {[%clk 1:11:31]} 9. Bg2
{[%clk 1:26:28]} Bb7 {[%clk 1:11:13]} 10. Qe2 {[%clk 1:25:57]} Qc7
{[%clk 1:06:54]} 11. f4 {[%clk 1:24:47]} g6 {[%clk 1:03:59]} 12. Be3
{[%clk 1:20:13]} Bg7 {[%clk 1:03:43]} 13. O-O-O {[%clk 1:07:53]} Rc8
{[%clk 0:50:53]} 14. Rhg1 {[%clk 0:49:55]} Nxg4 {[%clk 0:38:59]} 15. e5
{[%clk 0:41:43]} Bxg2 {[%clk 0:32:05]} 16. Rxg2 {[%clk 0:31:08]} Nxe3
{[%clk 0:29:01]} 17. exd6 {[%clk 0:31:32]} Qc6 {[%clk 0:23:07]} 18. Qxe3
{[%clk 0:31:56]} e6 {[%clk 0:15:45]} 19. Nd5 {[%clk 0:16:01]} Kf8
{[%clk 0:13:07]} 20. f5 {[%clk 0:15:31]} exd5 {[%clk 0:02:50]} 21. Qe7+
{[%clk 0:15:55]} Kg8 {[%clk 0:03:15]} 22. fxg6 {[%clk 0:16:21]} Rf8
{[%clk 0:01:35]} 23. gxf7+ {[%clk 0:15:51]} Kh7 {[%clk 0:01:27]} 24. Rxg7+
{[%clk 0:14:36]} Kxg7 {[%clk 0:01:55]} 25. Rg1+ {[%clk 0:15:01]} Kh7
{[%clk 0:02:23]} 26. Qe6 {[%clk 0:15:26]} 1-0

[Event "EYCC 2024 - G14"]
[Site "?"]
[Date "2024.08.29"]
[Round "7.3"]
[White "Bernard, Ines"]
[Black "Kalandadze, Mariam"]
[Result "0-1"]
[BlackElo "1826"]
[WhiteElo "2005"]
[LiveChessVersion "1.4.8"]

1. d4 {[%clk 1:30:48]} Nf6 {[%clk 1:30:55]} 2. Bf4 {[%clk 1:31:16]} g6
{[%clk 1:31:19]} 3. Nc3 {[%clk 1:31:43]} d5 {[%clk 1:30:44]} 4. e3
{[%clk 1:32:09]} Bg7 {[%clk 1:31:03]} 5. h4 {[%clk 1:32:36]} c6 {[%clk 1:21:07]}
6. Qd2 {[%clk 1:26:02]} b5 {[%clk 1:17:24]} 7. Be2 {[%clk 1:24:27]} Qa5
{[%clk 1:05:00]} 8. f3 {[%clk 1:19:28]} Nbd7 {[%clk 0:57:55]} 9. g4
{[%clk 1:18:25]} h5 {[%clk 0:56:54]} 10. g5 {[%clk 1:11:24]} Nh7 {[%clk 0:57:16]}
11. Kf2 {[%clk 1:05:16]} O-O {[%clk 0:55:21]} 12. Ne4 {[%clk 0:56:17]} Qb6
{[%clk 0:52:11]} 13. Ng3 {[%clk 0:54:56]} c5 {[%clk 0:45:52]} 14. Rd1
{[%clk 0:50:20]} Rd8 {[%clk 0:41:50]} 15. c3 {[%clk 0:40:25]} Nhf8
{[%clk 0:37:33]} 16. Bd3 {[%clk 0:35:49]} e5 {[%clk 0:32:28]} 17. dxe5
{[%clk 0:36:14]} Nxe5 {[%clk 0:32:36]} 18. N1e2 {[%clk 0:32:49]} Nc6
{[%clk 0:24:45]} 19. Kg2 {[%clk 0:28:53]} Bb7 {[%clk 0:22:03]} 20. Rhg1
{[%clk 0:19:17]} d4 {[%clk 0:17:53]} 21. cxd4 {[%clk 0:19:45]} cxd4
{[%clk 0:18:19]} 22. e4 {[%clk 0:20:07]} Ne6 {[%clk 0:18:03]} 23. Rge1
{[%clk 0:17:34]} a5 {[%clk 0:17:13]} 24. Rc1 {[%clk 0:15:53]} Nc5
{[%clk 0:14:26]} 25. a3 {[%clk 0:13:35]} Nb3 {[%clk 0:12:20]} 26. Qc2
{[%clk 0:11:50]} Nxc1 {[%clk 0:12:33]} 27. Rxc1 {[%clk 0:12:19]} Rac8
{[%clk 0:10:27]} 28. Qb3 {[%clk 0:12:11]} Na7 {[%clk 0:08:14]} 29. Rd1
{[%clk 0:09:21]} a4 {[%clk 0:04:25]} 30. Qb4 {[%clk 0:08:54]} Bf8
{[%clk 0:04:02]} 31. Qe1 {[%clk 0:09:19]} b4 {[%clk 0:03:08]} 32. Be5
{[%clk 0:08:47]} Nc6 {[%clk 0:01:38]} 33. Bf6 {[%clk 0:09:13]} Rd7
{[%clk 0:01:35]} 34. Nf4 {[%clk 0:08:29]} Nd8 {[%clk 0:01:18]} 35. Ngxh5
{[%clk 0:06:00]} gxh5 {[%clk 0:01:05]} 36. Nxh5 {[%clk 0:06:29]} Ne6
{[%clk 0:00:48]} 37. Be5 {[%clk 0:05:43]} Be7 {[%clk 0:00:48]} 38. axb4
{[%clk 0:04:13]} Ba6 {[%clk 0:00:46]} 39. b5 {[%clk 0:04:29]} Bxb5
{[%clk 0:01:00]} 40. Qb4 {[%clk 0:04:42]} Bxb4 {[%clk 0:00:48]} 41. Nf6+
{[%clk 0:04:34]} Kf8 {[%clk 0:01:14]} 42. Nxd7+ {[%clk 0:03:24]} Bxd7
{[%clk 0:01:37]} 43. h5 {[%clk 0:03:26]} Nxg5 {[%clk 0:01:52]} 44. f4
{[%clk 0:03:46]} Nxe4 {[%clk 0:01:21]} 45. Bxe4 {[%clk 0:03:01]} Bc6
{[%clk 0:01:48]} 46. Kf3 {[%clk 0:03:08]} Bxe4+ {[%clk 0:02:11]} 0-1

[Event "EYCC 2024 - G14"]
[Site "?"]
[Date "2024.08.29"]
[Round "7.4"]
[White "Smietanska, Wiktoria"]
[Black "Beber, Anja"]
[Result "1/2-1/2"]
[BlackElo "1877"]
[WhiteElo "2143"]
[LiveChessVersion "1.4.8"]

1. c4 {[%clk 1:30:58]} g6 {[%clk 1:30:46]} 2. Nc3 {[%clk 1:29:39]} Bg7
{[%clk 1:30:54]} 3. Nf3 {[%clk 1:26:40]} e5 {[%clk 1:29:53]} 4. d4
{[%clk 1:25:55]} Nc6 {[%clk 1:24:00]} 5. d5 {[%clk 1:22:52]} Nce7
{[%clk 1:10:36]} 6. d6 {[%clk 1:18:04]} Nf5 {[%clk 1:06:06]} 7. dxc7
{[%clk 1:17:14]} Qxc7 {[%clk 1:06:17]} 8. e3 {[%clk 1:14:15]} Nf6
{[%clk 0:53:44]} 9. Be2 {[%clk 1:07:42]} O-O {[%clk 0:53:36]} 10. O-O
{[%clk 1:07:11]} a6 {[%clk 0:52:34]} 11. e4 {[%clk 0:54:05]} Ne7 {[%clk 0:29:49]}
12. b3 {[%clk 0:48:18]} d6 {[%clk 0:21:47]} 13. Ba3 {[%clk 0:47:46]} Rd8
{[%clk 0:21:50]} 14. Qc2 {[%clk 0:47:06]} b6 {[%clk 0:20:29]} 15. Rfd1
{[%clk 0:45:28]} Bb7 {[%clk 0:20:13]} 16. Rac1 {[%clk 0:41:07]} Rac8
{[%clk 0:19:32]} 17. Qd3 {[%clk 0:40:17]} Ne8 {[%clk 0:18:30]} 18. Nd2
{[%clk 0:27:35]} Qb8 {[%clk 0:13:47]} 19. Na4 {[%clk 0:25:51]} Bc6
{[%clk 0:13:28]} 20. Nc3 {[%clk 0:23:15]} Qb7 {[%clk 0:10:49]} 21. f3
{[%clk 0:21:50]} Bh6 {[%clk 0:09:10]} 22. Rb1 {[%clk 0:20:30]} b5
{[%clk 0:03:50]} 23. Bb2 {[%clk 0:12:11]} Nc7 {[%clk 0:03:12]} 24. a3
{[%clk 0:10:01]} Ne6 {[%clk 0:02:53]} 25. Bf1 {[%clk 0:07:55]} Nf4
{[%clk 0:02:56]} 26. Qc2 {[%clk 0:08:08]} Rc7 {[%clk 0:02:04]} 27. b4
{[%clk 0:07:30]} Ne6 {[%clk 0:02:11]} 28. Qd3 {[%clk 0:04:42]} Nf4
{[%clk 0:02:04]} 29. Qc2 {[%clk 0:05:06]} Ne6 {[%clk 0:02:30]} 30. Qb3
{[%clk 0:03:20]} Nd4 {[%clk 0:01:34]} 31. Qa2 {[%clk 0:03:09]} Nc2
{[%clk 0:01:25]} 32. Nb3 {[%clk 0:00:53]} Ne3 {[%clk 0:01:29]} 33. Re1
{[%clk 0:01:17]} bxc4 {[%clk 0:00:51]} 34. Na5 {[%clk 0:01:41]} Qa7
{[%clk 0:01:03]} 35. Kh1 {[%clk 0:01:58]} Nxf1 {[%clk 0:01:21]} 36. Rxf1
{[%clk 0:02:27]} Bd7 {[%clk 0:01:34]} 37. Rfd1 {[%clk 0:02:00]} Be6
{[%clk 0:01:56]} 38. a4 {[%clk 0:00:56]} Rcc8 {[%clk 0:02:10]} 39. Qa3
{[%clk 0:00:54]} Qb6 {[%clk 0:01:29]} 40. Bc1 {[%clk 0:00:37]} Bxc1
{[%clk 0:01:38]} 41. Qxc1 {[%clk 0:00:48]} Kg7 {[%clk 0:01:42]} 42. Qc2
{[%clk 0:00:35]} Qc7 {[%clk 0:01:05]} 43. Qb2 {[%clk 0:00:34]} Rb8
{[%clk 0:01:23]} 44. Qa3 {[%clk 0:00:40]} Rbc8 {[%clk 0:00:59]} 45. Rbc1
{[%clk 0:00:47]} d5 {[%clk 0:00:39]} 46. exd5 {[%clk 0:01:10]} Nxd5
{[%clk 0:01:03]} 47. Nxd5 {[%clk 0:00:49]} Bxd5 {[%clk 0:01:32]} 48. Qc3
{[%clk 0:01:13]} f6 {[%clk 0:01:41]} 49. Rd2 {[%clk 0:01:23]} Bf7
{[%clk 0:01:53]} 50. Rdc2 {[%clk 0:01:41]} Qd7 {[%clk 0:01:57]} 51. Qa1
{[%clk 0:01:47]} Qd3 {[%clk 0:01:35]} 52. h3 {[%clk 0:01:48]} Rc7
{[%clk 0:01:41]} 53. Rc3 {[%clk 0:01:22]} Qd4 {[%clk 0:02:00]} 54. Qb2
{[%clk 0:01:06]} Rdc8 {[%clk 0:02:13]} 55. Qe2 {[%clk 0:01:20]} Qb6
{[%clk 0:02:23]} 56. Rb1 {[%clk 0:01:25]} 1/2-1/2

[Event "EYCC 2024 - G14"]
[Site "?"]
[Date "2024.08.29"]
[Round "7.5"]
[White "Richter, Johanna"]
[Black "Aghaverdiyeva, Maryam"]
[Result "0-1"]
[BlackElo "1972"]
[WhiteElo "1861"]
[LiveChessVersion "1.4.8"]

1. d4 {[%clk 1:30:58]} d5 {[%clk 1:31:22]} 2. c4 {[%clk 1:31:22]} e6
{[%clk 1:31:47]} 3. Nc3 {[%clk 1:31:43]} c5 {[%clk 1:32:12]} 4. cxd5
{[%clk 1:32:09]} exd5 {[%clk 1:27:45]} 5. Nf3 {[%clk 1:32:31]} Nf6
{[%clk 1:27:41]} 6. Bg5 {[%clk 1:32:56]} cxd4 {[%clk 1:24:33]} 7. Nxd4
{[%clk 1:32:01]} Be7 {[%clk 1:24:25]} 8. e3 {[%clk 1:30:32]} O-O {[%clk 1:24:46]}
9. Be2 {[%clk 1:28:54]} h6 {[%clk 1:25:12]} 10. Bh4 {[%clk 1:27:52]} Nc6
{[%clk 1:25:34]} 11. O-O {[%clk 1:26:20]} Be6 {[%clk 1:25:50]} 12. a3
{[%clk 1:20:29]} Rc8 {[%clk 1:23:09]} 13. Bb5 {[%clk 1:15:47]} Ne5
{[%clk 1:17:02]} 14. Rc1 {[%clk 1:07:02]} a6 {[%clk 1:16:12]} 15. Bd3
{[%clk 1:03:54]} b5 {[%clk 1:11:15]} 16. Nf5 {[%clk 0:59:33]} Bxf5
{[%clk 1:03:56]} 17. Bxf5 {[%clk 0:57:21]} Rc5 {[%clk 1:01:02]} 18. b4
{[%clk 0:44:46]} Rc6 {[%clk 0:53:20]} 19. Qe2 {[%clk 0:35:36]} g6
{[%clk 0:41:00]} 20. Bb1 {[%clk 0:28:24]} Qc8 {[%clk 0:33:32]} 21. Na2
{[%clk 0:24:59]} Nc4 {[%clk 0:33:11]} 22. Qd3 {[%clk 0:23:56]} Rd8
{[%clk 0:28:55]} 23. f3 {[%clk 0:20:28]} Qe6 {[%clk 0:25:19]} 24. Rce1
{[%clk 0:18:15]} Nd7 {[%clk 0:21:29]} 25. Bxe7 {[%clk 0:17:00]} Qxe7
{[%clk 0:21:49]} 26. Re2 {[%clk 0:15:10]} Nde5 {[%clk 0:19:40]} 27. Qb3
{[%clk 0:14:28]} Qa7 {[%clk 0:17:40]} 28. Rd1 {[%clk 0:11:04]} d4
{[%clk 0:16:58]} 29. Kh1 {[%clk 0:08:02]} d3 {[%clk 0:12:30]} 30. Bxd3
{[%clk 0:04:20]} Nxe3 {[%clk 0:11:46]} 31. Rdd2 {[%clk 0:04:33]} Rcd6
{[%clk 0:11:48]} 32. Nc1 {[%clk 0:03:43]} Qc7 {[%clk 0:11:23]} 33. Qb1
{[%clk 0:02:23]} Nxd3 {[%clk 0:11:01]} 34. Rxd3 {[%clk 0:01:13]} Rxd3
{[%clk 0:11:15]} 35. Nxd3 {[%clk 0:01:14]} Rxd3 {[%clk 0:11:39]} 36. h3
{[%clk 0:01:16]} Rd1+ 0-1

[Event "EYCC 2024 - G14"]
[Site "?"]
[Date "2024.08.29"]
[Round "7.6"]
[White "Jimenez Carrazoni, Marta Elena"]
[Black "Krkyasharyan, Sona"]
[Result "1/2-1/2"]
[BlackElo "1884"]
[WhiteElo "1946"]
[LiveChessVersion "1.4.8"]

1. d4 {[%clk 1:30:57]} d5 {[%clk 1:30:54]} 2. c4 {[%clk 1:31:14]} c6
{[%clk 1:31:21]} 3. Nc3 {[%clk 1:31:20]} Nf6 {[%clk 1:31:46]} 4. Nf3
{[%clk 1:31:33]} e6 {[%clk 1:32:08]} 5. cxd5 {[%clk 1:31:58]} exd5
{[%clk 1:32:28]} 6. Bf4 {[%clk 1:32:12]} Bf5 {[%clk 1:32:37]} 7. e3
{[%clk 1:32:20]} Nbd7 {[%clk 1:32:52]} 8. Nh4 {[%clk 1:31:03]} Bg4
{[%clk 1:29:17]} 9. f3 {[%clk 1:27:40]} Nh5 {[%clk 1:27:53]} 10. fxg4
{[%clk 1:16:28]} Nxf4 {[%clk 1:28:15]} 11. g3 {[%clk 1:15:27]} Ne6
{[%clk 1:28:05]} 12. Bg2 {[%clk 1:11:49]} Be7 {[%clk 1:18:17]} 13. Nf5
{[%clk 1:08:49]} Bf6 {[%clk 1:17:48]} 14. Nd6+ {[%clk 1:07:52]} Kf8
{[%clk 1:14:46]} 15. O-O {[%clk 0:50:59]} g6 {[%clk 0:58:21]} 16. Nxb7
{[%clk 0:46:33]} Qb6 {[%clk 0:56:26]} 17. Nxd5 {[%clk 0:38:56]} cxd5
{[%clk 0:56:13]} 18. Bxd5 {[%clk 0:39:19]} Rb8 {[%clk 0:53:25]} 19. Qf3
{[%clk 0:32:31]} Kg7 {[%clk 0:38:13]} 20. Bc6 {[%clk 0:30:24]} Ng5
{[%clk 0:30:03]} 21. Qd5 {[%clk 0:22:10]} Qxb2 {[%clk 0:24:06]} 22. Rab1
{[%clk 0:16:41]} Qd2 {[%clk 0:22:59]} 23. Qxd7 {[%clk 0:14:19]} Nh3+
{[%clk 0:23:15]} 24. Kh1 {[%clk 0:14:42]} Nf2+ {[%clk 0:23:40]} 25. Kg1
{[%clk 0:09:53]} Nh3+ {[%clk 0:22:27]} 26. Kh1 {[%clk 0:10:16]} Nf2+
{[%clk 0:22:50]} 27. Kg1 {[%clk 0:02:11]} Nh3+ {[%clk 0:15:55]} 1/2-1/2

[Event "EYCC 2024 - G14"]
[Site "?"]
[Date "2024.08.29"]
[Round "7.7"]
[White "Bashirli, Saadat"]
[Black "Tokarz, Gabriela"]
[Result "1-0"]
[BlackElo "1845"]
[WhiteElo "1894"]
[LiveChessVersion "1.4.8"]

1. e4 {[%clk 1:30:57]} c5 {[%clk 1:30:57]} 2. c3 {[%clk 1:31:18]} d5
{[%clk 1:31:23]} 3. exd5 {[%clk 1:31:38]} Qxd5 {[%clk 1:31:47]} 4. d4
{[%clk 1:31:56]} e6 {[%clk 1:31:02]} 5. Nf3 {[%clk 1:31:55]} Nc6 {[%clk 1:31:28]}
6. Be2 {[%clk 1:31:50]} Nf6 {[%clk 1:31:07]} 7. O-O {[%clk 1:31:58]} cxd4
{[%clk 1:30:03]} 8. cxd4 {[%clk 1:32:18]} Be7 {[%clk 1:29:53]} 9. Nc3
{[%clk 1:32:05]} Qd6 {[%clk 1:30:03]} 10. a3 {[%clk 1:29:48]} O-O
{[%clk 1:28:46]} 11. Be3 {[%clk 1:29:39]} b6 {[%clk 1:28:48]} 12. Qb3
{[%clk 1:29:24]} Bb7 {[%clk 1:27:49]} 13. Rac1 {[%clk 1:28:59]} Rac8
{[%clk 1:27:33]} 14. Qa2 {[%clk 1:28:11]} Rfd8 {[%clk 1:24:22]} 15. Rfd1
{[%clk 1:27:55]} h6 {[%clk 1:23:02]} 16. h3 {[%clk 1:27:54]} Bf8 {[%clk 1:23:17]}
17. Qb1 {[%clk 1:20:20]} Ne7 {[%clk 1:20:40]} 18. Ne5 {[%clk 1:18:25]} Ned5
{[%clk 1:15:41]} 19. Nxd5 {[%clk 1:13:04]} Bxd5 {[%clk 1:14:43]} 20. Bd3
{[%clk 1:12:36]} Bb7 {[%clk 1:00:24]} 21. f3 {[%clk 1:04:24]} Nd5
{[%clk 0:57:52]} 22. Bh7+ {[%clk 1:04:34]} 1-0

[Event "EYCC 2024 - G14"]
[Site "?"]
[Date "2024.08.29"]
[Round "7.8"]
[White "Nahapetyan, Ani"]
[Black "Stara, Zuzana"]
[Result "1-0"]
[BlackElo "2005"]
[WhiteElo "1637"]
[LiveChessVersion "1.4.8"]

1. e4 {[%clk 1:30:57]} c6 {[%clk 1:30:58]} 2. d4 {[%clk 1:31:24]} d5
{[%clk 1:31:25]} 3. Nc3 {[%clk 1:31:50]} dxe4 {[%clk 1:31:51]} 4. Nxe4
{[%clk 1:32:14]} Nf6 {[%clk 1:32:18]} 5. Nxf6+ {[%clk 1:32:34]} exf6
{[%clk 1:32:44]} 6. c3 {[%clk 1:32:51]} g6 {[%clk 1:33:10]} 7. Bc4
{[%clk 1:28:22]} Bg7 {[%clk 1:30:26]} 8. Ne2 {[%clk 1:27:04]} O-O
{[%clk 1:30:50]} 9. O-O {[%clk 1:26:07]} Re8 {[%clk 1:30:40]} 10. Be3
{[%clk 1:19:18]} Nd7 {[%clk 1:31:03]} 11. Qb3 {[%clk 1:17:38]} Qe7
{[%clk 1:26:34]} 12. Nf4 {[%clk 1:16:11]} f5 {[%clk 1:15:14]} 13. d5
{[%clk 1:10:57]} Ne5 {[%clk 1:06:19]} 14. Rfe1 {[%clk 1:05:55]} Qh4
{[%clk 0:56:57]} 15. Bd2 {[%clk 0:59:47]} Rf8 {[%clk 0:51:50]} 16. h3
{[%clk 0:56:27]} g5 {[%clk 0:45:56]} 17. Rxe5 {[%clk 0:43:17]} Bxe5
{[%clk 0:45:24]} 18. Nd3 {[%clk 0:43:40]} Bd6 {[%clk 0:44:02]} 19. Ne1
{[%clk 0:37:54]} g4 {[%clk 0:38:35]} 20. dxc6 {[%clk 0:33:03]} bxc6
{[%clk 0:38:34]} 21. Qa4 {[%clk 0:33:25]} Bd7 {[%clk 0:30:31]} 22. Rd1
{[%clk 0:30:36]} Qf6 {[%clk 0:24:53]} 23. hxg4 {[%clk 0:26:55]} fxg4
{[%clk 0:24:40]} 24. Qa5 {[%clk 0:25:43]} c5 {[%clk 0:18:45]} 25. Be3
{[%clk 0:23:10]} Qe5 {[%clk 0:17:56]} 26. g3 {[%clk 0:22:59]} Qe7
{[%clk 0:15:14]} 27. Qa6 {[%clk 0:18:05]} Bxg3 {[%clk 0:12:21]} 28. Bh6
{[%clk 0:17:18]} Bxf2+ {[%clk 0:09:00]} 29. Kxf2 {[%clk 0:17:30]} Rfe8
{[%clk 0:08:44]} 30. Ng2 {[%clk 0:16:00]} Bc8 {[%clk 0:04:37]} 31. Qa4
{[%clk 0:14:00]} Be6 {[%clk 0:03:18]} 32. Bd3 {[%clk 0:11:50]} c4
{[%clk 0:02:17]} 33. Be4 {[%clk 0:11:52]} Rac8 {[%clk 0:02:01]} 34. Qc2
{[%clk 0:10:04]} f5 {[%clk 0:00:45]} 35. Bd5 {[%clk 0:09:34]} Qf7
{[%clk 0:00:37]} 36. Nf4 {[%clk 0:07:50]} Bxd5 {[%clk 0:00:40]} 37. Nxd5
{[%clk 0:07:49]} Rcd8 {[%clk 0:00:53]} 38. Qd2 {[%clk 0:07:49]} Rb8
{[%clk 0:00:39]} 39. Qg5+ {[%clk 0:04:48]} Kh8 {[%clk 0:01:01]} 40. Qf4
{[%clk 0:01:39]} Rxb2+ {[%clk 0:01:06]} 41. Rd2 {[%clk 0:02:05]} Rxd2+
{[%clk 0:00:51]} 42. Qxd2 {[%clk 0:02:31]} Qe6 {[%clk 0:00:56]} 43. Qd4+
{[%clk 0:01:37]} Qe5 {[%clk 0:01:21]} 44. Be3 {[%clk 0:01:59]} Qg7
{[%clk 0:01:12]} 45. Qxc4 {[%clk 0:01:06]} g3+ {[%clk 0:01:26]} 46. Kg2
{[%clk 0:01:29]} Qb7 {[%clk 0:01:34]} 47. Kh3 {[%clk 0:00:40]} Re6
{[%clk 0:00:36]} 48. Bd4+ {[%clk 0:00:34]} Kg8 {[%clk 0:00:58]} 49. Nf4
{[%clk 0:00:33]} Qh1+ {[%clk 0:00:51]} 50. Kxg3 {[%clk 0:01:00]} Qe1+ 51. Bf2 1-0

[Event "EYCC 2024 - G14"]
[Site "?"]
[Date "2024.08.29"]
[Round "7.9"]
[White "Jakubse, Tamae Severina"]
[Black "Sickmann, Lisa"]
[Result "1/2-1/2"]
[BlackElo "1964"]
[WhiteElo "1904"]
[LiveChessVersion "1.4.8"]

1. e4 {[%clk 1:30:58]} c5 {[%clk 1:30:58]} 2. Nf3 {[%clk 1:31:22]} e6
{[%clk 1:31:25]} 3. Nc3 {[%clk 1:31:45]} Nc6 {[%clk 1:31:31]} 4. Bb5
{[%clk 1:32:08]} Nge7 {[%clk 1:31:49]} 5. O-O {[%clk 1:32:31]} g6
{[%clk 1:32:06]} 6. d4 {[%clk 1:24:59]} cxd4 {[%clk 1:31:22]} 7. Nxd4
{[%clk 1:25:22]} Bg7 {[%clk 1:30:44]} 8. Be3 {[%clk 1:17:34]} O-O
{[%clk 1:30:07]} 9. a4 {[%clk 1:12:06]} b6 {[%clk 1:18:10]} 10. Qd2
{[%clk 1:04:29]} Bb7 {[%clk 1:17:08]} 11. Rad1 {[%clk 1:02:56]} Rc8
{[%clk 1:11:34]} 12. Nf3 {[%clk 0:55:42]} d5 {[%clk 1:00:38]} 13. exd5
{[%clk 0:55:45]} Nxd5 {[%clk 0:56:41]} 14. Nxd5 {[%clk 0:55:52]} exd5
{[%clk 0:56:53]} 15. Bh6 {[%clk 0:48:39]} Qf6 {[%clk 0:54:34]} 16. Bxg7
{[%clk 0:48:22]} Kxg7 {[%clk 0:53:41]} 17. c3 {[%clk 0:45:35]} Na5
{[%clk 0:52:40]} 18. Qd4 {[%clk 0:40:05]} Nc4 {[%clk 0:49:40]} 19. Bxc4
{[%clk 0:28:26]} Rxc4 {[%clk 0:47:27]} 20. Qxf6+ {[%clk 0:28:48]} Kxf6
{[%clk 0:47:53]} 21. Rd4 {[%clk 0:29:11]} Bc6 {[%clk 0:46:50]} 22. Ra1
{[%clk 0:29:33]} Re8 {[%clk 0:47:07]} 23. h3 {[%clk 0:28:45]} a5 {[%clk 0:42:11]}
24. Rxc4 {[%clk 0:24:07]} dxc4 {[%clk 0:42:36]} 25. Nd4 {[%clk 0:24:31]} Bd7
{[%clk 0:43:01]} 26. f3 {[%clk 0:21:13]} h5 {[%clk 0:42:38]} 27. Kf2
{[%clk 0:20:03]} g5 {[%clk 0:42:18]} 28. Nc2 {[%clk 0:16:27]} g4 {[%clk 0:39:27]}
29. hxg4 {[%clk 0:16:33]} hxg4 {[%clk 0:39:51]} 30. fxg4 {[%clk 0:16:58]} Bxg4
{[%clk 0:39:18]} 31. Ne3 {[%clk 0:17:23]} Be6 {[%clk 0:39:25]} 32. Rd1
{[%clk 0:16:51]} Rb8 {[%clk 0:38:55]} 33. Nd5+ {[%clk 0:15:04]} Ke5
{[%clk 0:35:46]} 34. Nc7 {[%clk 0:15:07]} Rb7 {[%clk 0:34:18]} 35. Nxe6
{[%clk 0:14:54]} Kxe6 {[%clk 0:34:20]} 36. Rd4 {[%clk 0:06:31]} b5
{[%clk 0:34:31]} 37. Kf3 {[%clk 0:05:53]} bxa4 {[%clk 0:34:16]} 38. Rxc4
{[%clk 0:06:15]} Rxb2 {[%clk 0:34:42]} 39. Rxa4 {[%clk 0:06:39]} Rb5
{[%clk 0:34:42]} 40. Ke4 {[%clk 0:04:29]} Rg5 {[%clk 0:33:41]} 41. c4
{[%clk 0:04:40]} Kd6 {[%clk 0:31:45]} 42. Ra2 {[%clk 0:03:00]} Kc6
{[%clk 0:31:30]} 43. Rf2 {[%clk 0:02:37]} Kc5 {[%clk 0:31:02]} 44. Rxf7
{[%clk 0:02:01]} Kxc4 {[%clk 0:31:24]} 45. Kf3 {[%clk 0:02:03]} a4
{[%clk 0:31:41]} 46. Ra7 {[%clk 0:02:07]} Kb4 {[%clk 0:31:56]} 47. g4
{[%clk 0:02:27]} a3 {[%clk 0:32:19]} 48. Kf4 {[%clk 0:02:47]} Ra5
{[%clk 0:32:29]} 49. Rb7+ {[%clk 0:03:04]} Kc3 {[%clk 0:32:43]} 50. Rb1
{[%clk 0:03:11]} a2 {[%clk 0:33:03]} 51. Ra1 {[%clk 0:03:34]} Kb2
{[%clk 0:32:39]} 52. Rxa2+ {[%clk 0:03:59]} Rxa2 {[%clk 0:31:59]} 53. Kf5
{[%clk 0:04:10]} Kc3 {[%clk 0:32:24]} 54. g5 {[%clk 0:04:37]} Ra5+
{[%clk 0:29:28]} 55. Kf6 {[%clk 0:04:48]} Ra6+ {[%clk 0:29:41]} 56. Kf7
{[%clk 0:05:04]} Ra7+ {[%clk 0:29:27]} 57. Kf6 {[%clk 0:04:31]} Kd4
{[%clk 0:29:23]} 58. g6 {[%clk 0:04:42]} Ra6+ {[%clk 0:28:39]} 59. Kf5
{[%clk 0:04:36]} Ra5+ {[%clk 0:28:18]} 60. Kf6 {[%clk 0:04:36]} Ke4
{[%clk 0:27:55]} 61. g7 {[%clk 0:04:29]} Ra8 {[%clk 0:28:13]} 62. Kf7
{[%clk 0:04:53]} Kf5 {[%clk 0:28:18]} 63. g8=Q {[%clk 0:05:10]} Ra7+
{[%clk 0:28:38]} 64. Ke8 {[%clk 0:04:53]} Ra8+ {[%clk 0:28:53]} 65. Kf7
{[%clk 0:05:19]} Rxg8 {[%clk 0:29:20]} 66. Kxg8 {[%clk 0:05:44]} 1/2-1/2